000 00314nam a2200121Ia 4500
008 190216s9999||||xx |||||||||||||| ||und||
100 _aKrishna Prasad
245 0 _aHindi- Mahakavi Bhavbhuti Kee Natyakala Aur Mahaveercharit
260 _bSalook Prakashan
_c2008
300 _a159
650 _aHindi
942 _cBK
999 _c16856
_d16856